[Event "Castellar Open"]
[Site "Castellar"]
[Date "1995.??.??"]
[Round "?"]
[White "Kolev, Atanas"]
[Black "Gonzalez, Juan Carlos"]
[Result "1-0"]
[WhiteElo "2505"]
[BlackElo "2445"]
[PlyCount "69"]
[EventDate "1995.??.??"]
[Source "www.chesslib.no"]
[SourceDate "2004.05.04"]

1. e4 e6 2. d4 d5 3. Nd2 Nf6 4. e5 Nfd7 5. Bd3 c5 6. c3 b6 7. Nh3 Ba6 8. Bxa6 Nxa6 9. O-O Nc7 10. Qg4 Qc8 11. Nf3 Qa6 12. Be3 h6 13. a4 Qd3 14. a5 c4 15. axb6 Nxb6 16. Nf4 Qh7 17. Nd2 a5 18. b3 cxb3 19. Nxb3 Nc4 20. Nd2 Nxe3 21. fxe3 Be7 22. c4 O-O 23. c5 Bg5 24. Qe2 Rfb8 25. Nd3 a4 26. Ra2 Nb5 27. Rc1 Bd8 28. c6 Ba5 29. Nb1 Nxd4 30. exd4 Rb3 31. Rxa4 Rab8 32. Rxa5 Rxb1 33. c7 Rxc1+ 34. Nxc1 Rc8 35. Rb5 1-0

[Event "JUG-sf"]
[Site "Kladovo"]
[Date "1990.??.??"]
[Round "7"]
[White "Lazic, Miroljub"]
[Black "Nikolic, Zivoslav"]
[Result "0-1"]
[WhiteElo "2495"]
[BlackElo "2455"]
[PlyCount "80"]
[EventDate "1990.??.??"]
[Source "www.chesslib.no"]
[SourceDate "2004.05.04"]

1. e4 e6 2. d4 d5 3. Nd2 Nf6 4. e5 Nfd7 5. c3 c5 6. Bd3 b6 7. Nh3 Ba6 8. Nf3 Bxd3 9. Qxd3 c4 10. Qc2 Nc6 11. Nfg5 g6 12. O-O Be7 13. Be3 b5 14. b3 Nb6 15. Qe2 h6 16. Nf3 Qd7 17. Nd2 Na5 18. Nf4 Rc8 19. g3 Kf8 20. Kg2 Kg7 21. h4 h5 22. Rh1 Rcg8 23. Qf3 b4 24. cxb4 Bxb4 25. Nh3 Be7 26. Ng5 Rf8 27. g4 c3 28. Nf1 f6 29. exf6+ Bxf6 30. Qe2 hxg4 31. Nxe6+ Qxe6 32. Bh6+ Kf7 33. Qxe6+ Kxe6 34. Re1+ Kf7 35. Bxf8 Rxf8 36. h5 gxh5 37. Rxh5 Kg6 38. Ng3 Bxd4 39. Re2 Nc6 40. Rh4 Ne5 0-1

[Event "Corsica rap Open"]
[Site "?"]
[Date "1997.??.??"]
[Round "4"]
[White "Marciano David"]
[Black "Kasimdzhanov Rustam"]
[Result "1/2-1/2"]
[WhiteElo "2485"]
[BlackElo "2465"]
[PlyCount "79"]
[EventDate "1997.??.??"]
[Source "www.chesslib.no"]
[SourceDate "2004.05.04"]

1. e4 e6 2. d4 d5 3. Nd2 Nf6 4. Bd3 c5 5. e5 Nfd7 6. c3 b6 7. f4 Ba6 8. Bxa6 Nxa6 9. Ne2 g6 10. O-O h5 11. Nf3 Be7 12. Be3 Nc7 13. b3 c4 14. b4 a5 15. a3 b5 16. g3 Nb6 17. h3 Kd7 18. Kg2 Kc6 19. g4 axb4 20. axb4 Ra4 21. Ne1 Rh7 22. Nc2 Qh8 23. Rh1 Rxa1 24. Qxa1 Na4 25. g5 Na8 26. h4 N8b6 27. Qa2 Qc8 28. Ra1 Rh8 29. Qb1 Qd7 30. Kf2 Ra8 31. Ke1 Bf8 32. Kd2 Ra6 33. Ra3 Qa7 34. Qa1 Nc8 35. Bf2 Kb7 36. Be1 Ne7 37. Ke3 Nf5+ 38. Kf3 Be7 39. Ne3 Nxe3 40. Kxe3 1/2-1/2

[Event "Bulgaria"]
[Site "?"]
[Date "1995.??.??"]
[Round "?"]
[White "Georgiev, Kr"]
[Black "Dimitrov, V."]
[Result "1/2-1/2"]
[WhiteElo "2445"]
[BlackElo "2505"]
[PlyCount "65"]
[EventDate "1995.??.??"]
[Source "ChessBase"]
[SourceDate "1995.06.01"]

1. e4 e6 2. d4 d5 3. Nd2 Nf6 4. e5 Nfd7 5. Bd3 c5 6. c3 b6 7. f4 Ba6 8. Ndf3 Bxd3 9. Qxd3 Nc6 10. Ne2 c4 11. Qc2 g6 12. O-O b5 13. g4 h5 14. f5 hxg4 15. fxe6 gxf3 16. exf7+ Kxf7 17. Rxf3+ Kg7 18. Nf4 Qe8 19. Rg3 Ndxe5 20. dxe5 Bc5+ 21. Be3 Bxe3+ 22. Rxe3 Rh4 23. Rf1 Rg4+ 24. Kh1 d4 25. cxd4 Nxd4 26. Qe4 Qc6 27. Qxc6 Nxc6 28. h3 Rh4 29. Nxg6 Kxg6 30. Rf6+ Kh5 31. Rf5+ Kh6 32. Rf6+ Kh5 33. Rf5+ 1/2-1/2

[Event "Berliner Sommer"]
[Site "Berlin GER"]
[Date "1992.??.??"]
[Round "?"]
[White "Anagnostopoulos, Dimitrios"]
[Black "Budnikov, Alexandar"]
[Result "0-1"]
[WhiteElo "2410"]
[BlackElo "2540"]
[PlyCount "58"]
[EventDate "1992.08.??"]
[Source "www.chesslib.no"]
[SourceDate "2004.05.04"]

1. e4 e6 2. d4 d5 3. Nd2 Nf6 4. e5 Nfd7 5. Bd3 c5 6. c3 b6 7. Ne2 Ba6 8. Bxa6 Nxa6 9. O-O b5 10. Nf3 Be7 11. dxc5 Naxc5 12. Ned4 Qb6 13. Qe2 a6 14. Bg5 Bf8 15. Nd2 g6 16. f4 Bg7 17. Kh1 O-O 18. Rf3 b4 19. cxb4 Qxb4 20. Nc6 Qxb2 21. Rb1 Qc2 22. Qe1 f6 23. Ne7+ Kf7 24. exf6 Bxf6 25. Bxf6 Kxf6 26. Qh4+ Kg7 27. Qf2 Ne4 28. Qd4+ e5 29. Qb2 Qxd2 0-1

[Event "Chigorin mem open"]
[Site "?"]
[Date "1997.11.06"]
[Round "6"]
[White "Novgorodskij Vladimir"]
[Black "Neverov Valeriy"]
[Result "1-0"]
[WhiteElo "2390"]
[BlackElo "2560"]
[PlyCount "89"]
[EventDate "1997.??.??"]
[Source "www.chesslib.no"]
[SourceDate "2004.05.04"]

1. e4 e6 2. d4 d5 3. Nd2 Nf6 4. e5 Nfd7 5. Bd3 c5 6. c3 b6 7. Ne2 Ba6 8. Nf3 Be7 9. O-O Bxd3 10. Qxd3 Nc6 11. Ne1 O-O 12. Qh3 b5 13. f4 f5 14. g4 Qe8 15. gxf5 Rxf5 16. Ng3 Qg6 17. Ng2 cxd4 18. Nxf5 exf5 19. cxd4 Nxd4 20. Be3 Ne6 21. Qf3 Nb6 22. Bxb6 axb6 23. Kh1 Rd8 24. Rad1 d4 25. Qb7 Qe8 26. a3 Nc5 27. Qxb6 d3 28. b4 Rb8 29. Qxb8 Qxb8 30. bxc5 Bxc5 31. Rxd3 Kf7 32. Rb1 Qb7 33. Rdb3 Qe4 34. Rxb5 Bxa3 35. Re1 Qc6 36. e6+ Kf6 37. Rbe5 Be7 38. h4 Qf3 39. Kh2 h6 40. R1e3 Qd1 41. Rg3 g6 42. Ne3 Qh5 43. Kg2 Qe2+ 44. Kh3 Qa6 45. Rf3 1-0

[Event "I Torneig Int. Ciutat d'Alcúdia"]
[Site "Alcúdia"]
[Date "2003.11.20"]
[Round "6"]
[White "Baron Rodriguez, Jesus"]
[Black "Moskalenko, Viktor"]
[Result "1/2-1/2"]
[WhiteElo "2419"]
[BlackElo "2529"]
[PlyCount "76"]
[EventDate "2003.11.15"]
[Source "Roberto Alvarez"]
[SourceDate "2004.03.01"]

1. e4 e6 2. d4 d5 3. Nd2 Nf6 4. e5 Nfd7 5. c3 c5 6. Bd3 b6 7. Ne2 Ba6 8. Bb1 Nc6 9. Nf3 cxd4 10. cxd4 Bb4+ 11. Bd2 Bxd2+ 12. Qxd2 Qe7 13. Nc3 Na5 14. Bd3 Bxd3 15. Qxd3 O-O 16. O-O Rfc8 17. Rac1 a6 18. Ne2 h6 19. Rc2 b5 20. Rfc1 Rxc2 21. Rxc2 Qd8 22. b3 Rc8 23. Qd2 Rc6 24. Nc1 Qc7 25. Rxc6 Nxc6 26. Nd3 Qb6 27. Nb4 Ndb8 28. g3 Qa5 29. Nxc6 Qxd2 30. Ne7+ Kf8 31. Ng6+ fxg6 32. Nxd2 Nc6 33. Nf3 g5 34. h3 Kf7 35. a3 Kg6 36. g4 Kf7 37. Kf1 Na5 38. Nd2 Nc6 1/2-1/2

[Event "St Petersburg op2"]
[Site "St Petersburg"]
[Date "1994.??.??"]
[Round "6"]
[White "Yemelin, Vasily"]
[Black "Skomorokhin, Roman"]
[Result "1-0"]
[WhiteElo "2520"]
[BlackElo "2425"]
[PlyCount "141"]
[EventDate "1994.10.??"]
[Source "ChessBase"]

1. e4 e6 2. d4 d5 3. Nd2 Nf6 4. e5 Nfd7 5. c3 c5 6. Bd3 b6 7. Nh3 Ba6 8. Bxa6 Nxa6 9. O-O Nc7 10. Qg4 g6 11. Nf3 h6 12. Nf4 Qe7 13. Qg3 Bg7 14. Re1 Rg8 15. b3 O-O-O 16. a4 g5 17. Nh5 g4 18. Qxg4 Bxe5 19. Qh3 Bd6 20. Ne5 Kb7 21. Qf3 Bxe5 22. dxe5 Qh4 23. Bf4 Qg4 24. Re3 Na6 25. Qxg4 Rxg4 26. h3 Rg6 27. Bg3 Nab8 28. Bh4 Re8 29. f4 Nc6 30. Rd1 Rgg8 31. Kf2 Na5 32. c4 d4 33. Rf3 Kc7 34. Ng3 Nb8 35. Ne4 Rg7 36. Bf6 Rh7 37. Nd6 Rg8 38. Nb5+ Kb7 39. Rdd3 Nbc6 40. Rg3 Ra8 41. Nd6+ Ka6 42. Ke2 Nb4 43. Rdf3 Nac6 44. Kd2 h5 45. h4 Rb8 46. Ne4 Rb7 47. Bg7 d3 48. Nf6 Rxg7 49. Rxg7 Nd4 50. Rxd3 Nxd3 51. Kxd3 Ka5 52. Nxh5 Nf5 53. Rg4 Kb4 54. Nf6 Kxb3 55. h5 a6 56. Rg8 b5 57. axb5 axb5 58. cxb5 c4+ 59. Ke2 c3 60. Rc8 Nd4+ 61. Kd3 Nxb5 62. h6 Nc7 63. Ne4 c2 64. Nd2+ Kb2 65. Nc4+ Kb3 66. Kd2 Ra7 67. Ne3 Nb5 68. Rb8 Rd7+ 69. Kc1 Ka4 70. h7 Nd4 71. h8=Q 1-0

[Event "Capablanca Memorial"]
[Site "Cienfuegos City CUB"]
[Date "1989.??.??"]
[Round "1"]
[White "Martin del Campo, Roberto"]
[Black "Moskalenko, Viktor"]
[Result "0-1"]
[WhiteElo "2455"]
[BlackElo "2490"]
[PlyCount "134"]
[EventDate "1989.??.??"]
[Source "www.chesslib.no"]
[SourceDate "2004.05.04"]

1. e4 e6 2. d4 d5 3. Nd2 Nf6 4. e5 Nfd7 5. c3 c5 6. Bd3 b6 7. Ne2 Ba6 8. Bxa6 Nxa6 9. O-O Nc7 10. f4 f5 11. exf6 Nxf6 12. Nf3 Bd6 13. Ng3 O-O 14. Qe2 Qe8 15. Bd2 Nh5 16. Nxh5 Qxh5 17. g3 c4 18. Rae1 Rae8 19. Qg2 Qg6 20. Re2 b5 21. Rfe1 a5 22. a3 h6 23. Nh4 Qd3 24. f5 b4 25. axb4 axb4 26. fxe6 Rf6 27. Re3 Qc2 28. Bc1 Qb1 29. Qh3 Rexe6 30. Bd2 Qxb2 31. Rxe6 Qxd2 32. Rxf6 Qxe1+ 33. Rf1 Qe3+ 34. Rf2 bxc3 35. Nf5 Qe1+ 36. Rf1 Qe6 37. Qg4 Ne8 38. Qf3 Bb4 39. Rb1 Ba3 40. Qxc3 Qxf5 41. Rb8 Qe4 42. Qxa3 Qxd4+ 43. Kf1 Qe4 44. Qa8 Kf7 45. Rxe8 Qxe8 46. Qxd5+ Qe6 47. Qd2 Qc6 48. Kf2 c3 49. Qc2 Kf6 50. h3 Ke5 51. Qe2+ Qe4 52. Qb5+ Qd5 53. Qe2+ Kd6 54. Qc2 Qd4+ 55. Ke2 Ke5 56. Kf3 Qd5+ 57. Ke3 Qc5+ 58. Ke2 Qb5+ 59. Ke3 Qb6+ 60. Kf3 Qd4 61. Qe2+ Kd6 62. Qa6+ Kc7 63. Qa5+ Kd7 64. Qb5+ Kd6 65. Qb8+ Kc6 66. Qb1 Qd5+ 67. Kf2 Qc4 0-1

[Event "Corr"]
[Site "?"]
[Date "1997.12.29"]
[Round "?"]
[White "Hofstetter Dr.Hans-Joachim (G"]
[Black "Rausch Wilfried (GER)"]
[Result "1-0"]
[WhiteElo "2485"]
[BlackElo "2460"]
[PlyCount "99"]
[EventDate "1997.??.??"]
[Source "www.chesslib.no"]
[SourceDate "2004.05.04"]

1. e4 e6 2. d4 d5 3. Nd2 Nf6 4. e5 Nfd7 5. Bd3 c5 6. c3 b6 7. f4 g6 8. Ndf3 Ba6 9. Bc2 Nc6 10. Ne2 h5 11. Be3 Bxe2 12. Qxe2 c4 13. Ng5 Ne7 14. g3 b5 15. Bd2 Nb6 16. h3 Qd7 17. Qg2 Bh6 18. Nf3 O-O-O 19. b3 Kb8 20. O-O Ka8 21. Rfb1 Rb8 22. Bd1 Rb7 23. Rb2 Rhb8 24. Rab1 Nbc8 25. Be2 Nc6 26. Qf2 N8e7 27. Bf1 Na5 28. Rc2 Nc8 29. Bg2 Nb6 30. Bc1 Bf8 31. Nh2 b4 32. cxb4 cxb3 33. axb3 Bxb4 34. Ra2 Nc6 35. Nf3 Nc8 36. Rc2 Bf8 37. Rc3 Na5 38. Qa2 Bb4 39. Rc2 Ne7 40. Be3 Nf5 41. Bf2 Rc7 42. Rbc1 Rbc8 43. Bf1 Rxc2 44. Rxc2 Rc3 45. Rxc3 Bxc3 46. Qa3 Nc6 47. Bb5 Nfe7 48. b4 Qb7 49. Bxc6 Qxc6 50. b5 1-0

[Event "Nis"]
[Site "Nis YUG"]
[Date "1977.??.??"]
[Round "?"]
[White "Matulovic, Milan"]
[Black "Mednis, Edmar J"]
[Result "1/2-1/2"]
[WhiteElo "2510"]
[BlackElo "2430"]
[PlyCount "35"]
[EventDate "1977.??.??"]
[Source "www.chesslib.no"]
[SourceDate "2004.05.04"]

1. e4 e6 2. d4 d5 3. Nd2 Nf6 4. e5 Nfd7 5. Bd3 c5 6. c3 b6 7. Ne2 Ba6 8. Bxa6 Nxa6 9. O-O Nc7 10. Nf3 Be7 11. Re1 h6 12. Nf4 Qc8 13. dxc5 bxc5 14. c4 dxc4 15. Nd2 Qa6 16. Qc2 Nb6 17. Ne4 Ncd5 18. Nxd5 1/2-1/2

[Event "de Llobregat (Spain"]
[Site "Hospitalet de Llobregat (Spai"]
[Date "1988.??.??"]
[Round "?"]
[White "Granda Zuniga, Julio E"]
[Black "Mellado Trivino, Juan"]
[Result "1/2-1/2"]
[WhiteElo "2540"]
[BlackElo "2400"]
[PlyCount "115"]
[EventDate "1988.??.??"]
[Source "www.chesslib.no"]
[SourceDate "2004.05.04"]

1. e4 e6 2. d4 d5 3. Nd2 Nf6 4. e5 Nfd7 5. Bd3 c5 6. c3 b6 7. Ne2 Ba6 8. Bxa6 Nxa6 9. O-O b5 10. f4 g6 11. Nf3 Be7 12. Be3 h5 13. g3 c4 14. h3 Nc7 15. Kg2 a5 16. g4 Ra6 17. Ng3 hxg4 18. hxg4 Nf8 19. Rh1 Rxh1 20. Qxh1 b4 21. f5 exf5 22. gxf5 gxf5 23. Nxf5 Rg6+ 24. Kf2 Qd7 25. Nxe7 Kxe7 26. Nh4 Rg8 27. cxb4 axb4 28. Qf3 Qg4 29. Qxg4 Rxg4 30. Kf3 Rg8 31. Bd2 Na6 32. Rh1 Ng6 33. Nxg6+ Rxg6 34. Rh8 Rc6 35. Kg4 b3 36. axb3 cxb3 37. Bg5+ Kd7 38. Rd8+ Kc7 39. Rf8 Rc2 40. Bf4 Kb6 41. Rxf7 Rxb2 42. Rf6+ Kb7 43. Rh6 Rg2+ 44. Kf3 Rg1 45. Rh2 Rf1+ 46. Kg3 Nb4 47. e6 Rg1+ 48. Kh4 Nd3 49. Bg3 Kc6 50. Re2 Rh1+ 51. Kg5 Rh8 52. Be5 Rg8+ 53. Kf6 b2 54. Rc2+ Kb6 55. Rxb2+ Nxb2 56. Kf7 Rc8 57. e7 Kb5 58. e8=Q+ 1/2-1/2

[Event "Dos Hermanas 72/277"]
[Site "?"]
[Date "1998.??.??"]
[Round "?"]
[White "Lalic, Bogdan"]
[Black "Gonzales, Jorge A"]
[Result "1-0"]
[WhiteElo "2545"]
[BlackElo "2390"]
[PlyCount "83"]
[EventDate "1998.??.??"]
[Source "ChessBase"]
[SourceDate "1998.02.01"]

1. e4 e6 2. d4 d5 3. Nd2 Nf6 4. e5 Nfd7 5. c3 c5 6. Bd3 b6 7. Nh3 Ba6 8. Bxa6 Nxa6 9. O-O Nc7 10. Qg4 Nb8 11. Nf3 h6 12. Nf4 g6 13. h4 Nc6 14. h5 g5 15. Ne2 Be7 16. Nh2 Kd7 17. f4 Qg8 18. f5 Qc8 19. Qf3 Qa6 20. Ng4 Kc8 21. Be3 Kb7 22. Ng3 Rab8 23. Qe2 Qxe2 24. Nxe2 c4 25. fxe6 fxe6 26. Rf7 b5 27. Raf1 a5 28. R1f6 Bxf6 29. exf6 Rbf8 30. Nxh6 Rxf7 31. Nxf7 Rxh5 32. Nd6+ Ka6 33. f7 Rh8 34. Bxg5 e5 35. Bf6 Rb8 36. dxe5 Ne6 37. g3 b4 38. Nf4 d4 39. Nxe6 bxc3 40. bxc3 dxc3 41. Nc7+ Kb6 42. Nde8 1-0

[Event "FRG-ch int"]
[Site "Mannheim"]
[Date "1975.??.??"]
[Round "13"]
[White "Kestler, Hans Guenther"]
[Black "Keene, Raymond"]
[Result "1/2-1/2"]
[WhiteElo "2430"]
[BlackElo "2505"]
[PlyCount "45"]
[EventDate "1975.??.??"]
[Source "ChessBase"]

1. e4 e6 2. d4 d5 3. Nd2 Nf6 4. e5 Nfd7 5. Bd3 c5 6. c3 b6 7. Ne2 Ba6 8. Bxa6 Nxa6 9. O-O Nc7 10. Nf4 Be7 11. Qg4 g6 12. Re1 Qc8 13. c4 dxc4 14. Nxc4 O-O 15. dxc5 Nxc5 16. b4 Na4 17. Nd6 Qd7 18. Ne4 Qb5 19. Qg3 Kh8 20. Bd2 Rad8 21. Rac1 Ne8 22. a3 Ng7 23. Rc7 1/2-1/2

[Event "Dortmund"]
[Site "Dortmund"]
[Date "1978.??.??"]
[Round "4"]
[White "Marjanovic, Slavoljub"]
[Black "Keene, Raymond"]
[Result "1/2-1/2"]
[WhiteElo "2450"]
[BlackElo "2480"]
[PlyCount "25"]
[EventDate "1978.04.??"]
[Source "ChessBase"]

1. e4 e6 2. d4 d5 3. Nd2 Nf6 4. e5 Nfd7 5. Bd3 c5 6. c3 b6 7. Ne2 Ba6 8. Bxa6 Nxa6 9. O-O Nc7 10. Nf4 Be7 11. Re1 c4 12. Qg4 g6 13. Nf3 1/2-1/2

[Event "RUS-Cup1 Chigorin mem"]
[Site "St Petersburg"]
[Date "1996.??.??"]
[Round "1"]
[White "Novgorodskij, Vladimir"]
[Black "Kruppa, Yuri"]
[Result "1/2-1/2"]
[WhiteElo "2365"]
[BlackElo "2560"]
[PlyCount "64"]
[EventDate "1996.11.??"]
[Source "ChessBase"]

1. e4 e6 2. d4 d5 3. Nd2 Nf6 4. e5 Nfd7 5. Bd3 c5 6. c3 b6 7. Ne2 Ba6 8. Nf3 Bxd3 9. Qxd3 Nc6 10. O-O Be7 11. h3 a6 12. Nh2 b5 13. f4 Qb6 14. Kh1 g6 15. g4 f5 16. exf6 Nxf6 17. f5 exf5 18. gxf5 O-O-O 19. fxg6 hxg6 20. Qxg6 Rdg8 21. Qf5+ Kb7 22. Bf4 Qd8 23. dxc5 Rh5 24. Qe6 Bxc5 25. b4 Re8 26. Qf7+ Qe7 27. Qxe7+ Bxe7 28. Kg2 Bxb4 29. Ng3 Bxc3 30. Rac1 b4 31. Nxh5 Nxh5 32. Bg5 Nd4 1/2-1/2

[Event "St Ingbert Open"]
[Site "St Ingbert"]
[Date "1990.??.??"]
[Round "8"]
[White "Siklosi, Zoltan"]
[Black "Moskalenko, Viktor"]
[Result "0-1"]
[WhiteElo "2400"]
[BlackElo "2525"]
[PlyCount "65"]
[EventDate "1990.08.??"]
[Source "www.chesslib.no"]
[SourceDate "2004.05.04"]

1. e4 e6 2. d4 d5 3. Nd2 Nf6 4. e5 Nfd7 5. Bd3 c5 6. c3 b6 7. Nh3 Ba6 8. Bxa6 Nxa6 9. O-O Nc7 10. Nf4 Be7 11. Qg4 g6 12. Nf3 h5 13. Qg3 g5 14. Ne2 g4 15. Ne1 Nf8 16. f4 Qd7 17. f5 exf5 18. Qf4 Nfe6 19. Qxf5 O-O-O 20. b3 Rdf8 21. Nd3 f6 22. Bd2 fxe5 23. Qxe5 Bd6 24. Qe3 Re8 25. Qf2 h4 26. Ne5 Bxe5 27. dxe5 g3 28. hxg3 hxg3 29. Nxg3 Qh7 30. Qe3 d4 31. Qe4 Qh2+ 32. Kf2 Ref8+ 33. Nf5 0-1